Premières Divisions de football par pays. - Statistiques

Statistiques générales
  • Ce quiz a été pris 319 fois
  • Le résultat moyen est 4 sur 8
Statistiques - réponses
Pays 1ere Division % Correct
France Ligue1
96%
Allemagne Bundesliga
94%
Angleterre Premier League
87%
Italie Serie A
87%
Espagne LaLiga
62%
Argentine Primera división
7%
Japon J1 League
4%
Brésil Brasileiro Série A
0%
Aucun quiz correspondant
Distribution des résultats
% des personnes avec chaque résultat
Percentile par nombre de réponses
Votre historique - résultats
Vous n’avez pas pris ce quiz